000 00465pab a2200169 454500
008 180718b2002 xxu||||| |||| 00| 0 eng d
100 _aNghiem, Hong Son
245 _aThe effect of incentive reforms upon productivity: evidence from the vietnamese rice industry
260 _c2002
300 _ap.74-93.
362 _aOct
650 _aRice - Vietnam
650 _aRice
700 _aCoelli, Tim
773 _aJournal of Development Studies
909 _a54973
999 _c54973
_d54973